| 000 | 00362 a2200133 4500 | ||
|---|---|---|---|
| 001 | 92281 | ||
| 082 | _aPR 2537 | ||
| 090 |
_c44229 _d44228 |
||
| 100 | _aManzoor Ali; Prof Jahangir Khan Kayani and Mudassir Wahab (Advisors) | ||
| 245 |
_aAESA Radar System Design _c78 "B" EC |
||
| 260 |
_aIslamabad _bNUST _c2015 |
||
| 300 | _a77p. | ||
| 500 | _aBE Project Reports | ||
| 942 |
_aCAE NUST _kPR 2537 |
||
| 999 |
_c327354 _d327354 |
||